Statistics for UEFA Euro Winners Tile Select

Click here to take the quiz!

General Stats

  • This quiz has been taken 73 times
  • The average score is 28 of 32

Answer Stats

QuestionTileSelect% Correct
UEFA Euro WinnersBrazilNo
100%
UEFA Euro WinnersAustriaNo
98%
UEFA Euro WinnersBulgariaNo
98%
UEFA Euro WinnersFinlandNo
98%
UEFA Euro WinnersFranceYes
98%
UEFA Euro WinnersIrelandNo
98%
UEFA Euro WinnersGermanyYes
97%
UEFA Euro WinnersCroatiaNo
95%
UEFA Euro WinnersItalyYes
94%
UEFA Euro WinnersNorwayNo
91%
UEFA Euro WinnersScotlandNo
91%
UEFA Euro WinnersSerbiaNo
91%
UEFA Euro WinnersTurkeyNo
91%
UEFA Euro WinnersBelgiumNo
89%
UEFA Euro WinnersRomaniaNo
89%
UEFA Euro WinnersRussiaNo
89%
UEFA Euro WinnersUkraineNo
89%
UEFA Euro WinnersWalesNo
89%
UEFA Euro WinnersHungaryNo
88%
UEFA Euro WinnersSwedenNo
88%
UEFA Euro WinnersDenmarkYes
86%
UEFA Euro WinnersPolandNo
86%
UEFA Euro WinnersSwitzerlandNo
86%
UEFA Euro WinnersPortugalYes
85%
UEFA Euro WinnersSpainYes
85%
UEFA Euro WinnersEnglandNo
80%
UEFA Euro WinnersGreeceYes
80%
UEFA Euro WinnersEast GermanyNo
76%
UEFA Euro WinnersNetherlandsYes
74%
UEFA Euro WinnersCzechoslovakiaYes
68%
UEFA Euro WinnersYugoslaviaNo
65%
UEFA Euro WinnersSoviet UnionYes
59%

Score Distribution

Percentile by Number Answered

Percent of People with Each Score

Your Score History

You have not taken this quiz